00333nam a2200109 a 4500008004100000050001700041100001700058245008200075260003500157300002200192350000900214120416s1987 ||||||||||||||||| || u aQE 471.3 Han aWilson, M. J12aA Handbook of determinative methods in clay mineralogycedited by M.J. Wilson aNew YorkbChapman & Hallc1987 aviii, 308p. : ill a0.00